LEADER 01053nam a2200253 i 4500 001 000000145237 003 CaOOAMICUS 005 20051118000000.0 008 051118s1967 it u000 u ita u 013 $a120629 040 $aSeMil$bita 245 10$aFeuerbach :$bla filosofia dell'avvenire /$ca cura di Claudio Cesa. 260 $aBari :$bLaterza,$c1967. 300 $a173 p. ;$c18 cm. 490 0 $aPiccola biblioteca filosofica Laterza ;$v27 500 $aContiene : Nota bio-bibliografica. 600 14$aFeuerbach, Ludwig <1804-1872>.$0(OLS)http://semarc/subject/8707 700 1 $aCesa, Claudio,$d <1928-2014>.$0(OLS)http://semarc/name/4141 830 0$aPiccola biblioteca filosofica Laterza ;$v27.$0(OLS)http://semarc/title/18486 850 $aSeMil 852 $aSeMil$W1$xVenegono$y1$m2P IV 582$j98050$B98050$CSeMilBibl$Z2$F106671 $81 961 $aLascito: Corradi mons. Enrico 996 $6245$aFeuerbach :$bla filosofia dell'avvenire$9(OLS)http://semarc/title/212442 996 $6260$aBari :$bLaterza$9(OLS)http://semarc/publisher/29858 LEADER 02433nam a2200445 i 4500 001 000000248583 003 CaOOAMICUS 005 20251016145133.0 008 160404s1617 it u000 u lat u 013 $a227488 026 $aele- u-i- i-r: inDe (3) 1617 (R) [*= ae] 040 $aSeMil$bita 110 2 $aChiesa Cattolica.$0(OLS)http://semarc/name/987 245 10$aMissale Romanum ex decreto Sacrosancti Concilii Tridentini restitutum, Pii 5. pont. max. iussu editum, et Clementis 8. primum, nunc denuo Urbani 8. auctoritate recognitum. 260 $aAntverpiae :$bEx Officina plantiniana apud Balthasarem & Ioannem Moretos,$c1617$e(Antverpiae :$fEx Officina platiniana apud Balthasarem et Ioannem Moretos fratres,$g1617) 300 $a[64], 604, cxvij, [7] p. :$bill. calcogr. ;$cfol. 500 $aTesto su due colonne 500 $aMarca editoriale: Mano che esce da nuvola impugna un compasso. Ai lati della cornice, Ercole e la Costanza. Motto: Labore et constantia, in fine (Repertorio consultato BNF/A). 500 $aFront. e testo stampati in rosso e nero 500 $aVignetta calcogr. sul front. 500 $aIniz., fregi xilogr anche a inchiostri rossi 500 $aFront. e testo in cornice a doppio filetto 500 $aRilegatura originale con borchie di chiusura 500 $aSegn.: A-D8, A-2G8 2H6 650 4$aLibri liturgici - Messale romano.$0(OLS)http://semarc/subject/3820 700 0 $aPius V,$c.$0(OLS)http://semarc/name/3050 700 0 $aClemens VIII,$c.$0(OLS)http://semarc/name/3051 700 1 $aMoretus, Jan,$c.$0(OLS)http://semarc/name/23830 710 0 $aOfficina Plantiniana$b.$0(OLS)http://semarc/name/23831 850 $aSeMil 852 $aSeMil$W1$xVenegono$y1$m3K IV 18 FA$j198929$B198929$CSeMilBibl$Z2$F210239 $8I 900 0 $aPio V$c. 900 0 $aClemente VIII$c. 910 2 $aSanta Sede. 996 $6245$aMissale Romanum ex decreto Sacrosancti Concilii Tridentini restitutum, Pii 5. pont. max. iussu editum, et Clementis 8. primum, nunc denuo Urbani 8. auctoritate recognitum$9(OLS)http://semarc/title/350134 996 $6260$aAntverpiae :$bEx Officina plantiniana apud Balthasarem & Ioannem Moretos$9(OLS)http://semarc/publisher/55285